000 00987nam a2200253 u 4500
001 65858
005 20180714073357.0
008 160718s2015 mx a r 000 0 spa d
020 _a9786078346189
041 0 _aspa
082 0 _a302.20972
_bPOR
100 1 _aPortillo, Maricela,
_ecoordinadora
245 1 3 _aLa investigación de la comunicación en México :
_bun panorama a través de las regiones a inicios del siglo xxi /
_cMaricela Portillo, Raúl Fuentes Navarro, Luis Alfonso Guadarrama, Jannet Valero y otros más.
250 _aPrimera edición
264 1 _aMéxico :
_bProductora de Contenidos Culturales,
_c2015
300 _a134 páginas :
_bilustraciones ;
_c23 cm.
336 _atexto
_2rdacontent
337 _asin mediación
_2rdamedia
338 _avolumen
_2rdacarrier
490 0 _aColección Tendencias
650 4 _aComunicación - Investigaciones
650 4 _aComunicación - Metodología
_zMéxico
700 1 _aFuentes N., Raúl,
_eautor
999 _c65858
_d65858